US States by Population-1890 - Statistics

General Stats
  • This quiz has been taken 407 times
  • The average score is 22 of 44
Answer Stats
Population State % Correct
6,003,174 New York
98%
5,258,014 Pennsylvania
89%
3,826,351 Illinois
83%
3,672,316 Ohio
83%
2,679,184 Missouri
71%
2,238,943 Massachusetts
68%
2,235,523 Texas
67%
2,093,889 Michigan
62%
2,192,404 Indiana
59%
1,837,353 Georgia
57%
1,858,635 Kentucky
54%
47,355 Nevada
54%
1,655,980 Virginia
54%
1,912,297 Iowa
51%
1,617,947 North Carolina
51%
1,767,518 Tennessee
49%
1,693,330 Wisconsin
49%
1,513,017 Alabama
48%
1,213,398 California
48%
1,444,933 New Jersey
48%
1,428,108 Kansas
44%
1,118,587 Louisiana
43%
1,042,390 Maryland
43%
60,705 Wyoming
43%
1,289,600 Mississippi
41%
317,704 Oregon
41%
332,422 Vermont
41%
1,310,283 Minnesota
40%
1,062,656 Nebraska
40%
1,151,149 South Carolina
40%
746,258 Connecticut
38%
168,493 Delaware
38%
661,086 Maine
38%
142,924 Montana
38%
190,983 North Dakota
38%
376,530 New Hampshire
37%
1,128,211 Arkansas
35%
413,249 Colorado
35%
391,422 Florida
35%
88,548 Idaho
35%
348,600 South Dakota
35%
762,794 West Virginia
35%
345,506 Rhode Island
33%
357,232 Washington
33%
No matching quizzes found
Score Distribution
Percent of People with Each Score
Percentile by Number Answered
Your Score History
You have not taken this quiz